A lean menedzsment és a digitalizáció összefonódása a TE Connectivity andon rendszerén keresztül

Bibliographic Details
Main Author: Vizkeleti Noémi
Other Authors: Mosonyiné Ádám Gizella
Format: Thesis
Kulcsszavak:Lean menedzsment
digitalizáció
andon
Online Access:http://dolgozattar.uni-bge.hu/13840

MARC

LEADER 00000nta a2200000 i 4500
001 dolg13840
005 20180503090413.0
008 171211suuuu hu om 000 hun d
040 |a BGE Dolgozattár Repozitórium  |b hun 
041 |a hu 
100 1 |a Vizkeleti Noémi 
245 1 2 |a A lean menedzsment és a digitalizáció összefonódása a TE Connectivity andon rendszerén keresztül  |c Vizkeleti Noémi  |h [elektronikus dokumentum] 
695 |a Lean menedzsment 
695 |a digitalizáció 
695 |a andon 
700 1 |a Mosonyiné Ádám Gizella  |e ths 
856 4 0 |u http://dolgozattar.uni-bge.hu/13840/3/Szakdolgozat_Vizkeleti%20No%C3%A9mi.2017.pdf  |z Dokumentum-elérés